01336 a2200157 45000010006000000050017000060080041000230030015000640400040000790800169001192450042002882640029003303000019003595050785003781000015011635429220260407155814.0260407a1969 arg spa dAR-UNSa-BCEJYS aAR-UNSa-BCEJYSbspacAR-UNSa-BCEJYS a336.744xMoneda universal, mundial. Moneda internacional. Convenciones monetarias internacionales. Países con la misma moneda (Economía Monetaria Internacional)10aCooperación monetaria internacional 1aBarcelona :bLaborc1969 a231 p.c20 cm. aPrimera parte / Principios fundamentales - 1. Los pagos internacionales - 2. Los tipos de cambio - 3. La liquidez internacional - 4. Desequilibrios internacionales - 5. La transmisión internacional de las depresiones - Segunda parte / Los mecanismos de cooperación monetaria internacional - 6. El fondo monetario Internacional (1) - 7. El fondo monetario Internacional (2) - 8. La cooperación monetaria europea - 9. La unión europea de pagos y el acuerdo monetario europeo - 10. La libra esterlina - 11. La patología del control de cambios - Tercera parte / El curso de los acontencimientos desde la guerra - 12. 1945-1949 - 13. Las devaluaciones de 1949 - 14. Hacia el equilibrio - 15. La vuelta a la convertibilidad - 16. La liquidez en rojo - 17. La liquidez en negro1 aTew, Brian